000 03013 a2201117 4500
003 PE-LiUPU
005 20250813185704.0
008 231221b |||||||| |||| 00| 0 spa d
020 _a9789972044168
040 _aPE-LiUPU
_bspa
_cPE-LiUPU
_dPE-LiUPU
_erda
082 _223
_a346.51
_bT114a
100 1 _aTaboada Córdova, LIzardo
_eautor.
245 1 0 _aActo Jurídico, negocio jurídico y contrato /
_cLizardo Taboada Córdova.
250 _asegunda edición.
264 _aLima :
_bGrijley,
_c2013.
300 _a540 páginas ;
_c21 centímetros.
504 _apáginas 537-540
505 _aLa concepción social del negocio jurídico como paradigma de los actos de autonomía privada-- La declaración de voluntad y el objeto dentro de la estructura del supuesto de hecho negocial -- La noción de causa del negocio jurídico -- La doctrina de ineficacia del negocio jurídico -- La teoría general del error del negocio jurídico y su aplicación dentro del sistema jurídico peruano -- Comentarios al libro II del código civil sobre el acto jurídico y propuestas de modificación.
526 _aP202
526 _aP201
526 _aP163
526 _aP162
526 _aP161
526 _aP160
526 _aP148
526 _aP147
526 _aP146
526 _aP145
526 _aP144
526 _aP143
526 _aP142
526 _aP141
526 _aP140
526 _aP139
526 _aP138
526 _aP137
526 _aP136
526 _aP135
526 _aP134
526 _aP133
526 _aP129
526 _aP128
526 _aP127
526 _aP120
526 _aP119
526 _aP118
526 _aP116
526 _aP115
526 _aP114
526 _aP110
526 _aP109
526 _aP108
526 _aP104
526 _aP103
526 _aP102
526 _aP99
526 _aP98
526 _aP97
526 _aP96
526 _aP95
526 _aP93
526 _aP90
526 _aP89
526 _aP88
526 _aP83
526 _aP82
526 _aP62
526 _aP59
526 _aP58
526 _aP57
526 _aP51
526 _aP49
526 _aP48
526 _aP47
526 _aP29
526 _aP24
526 _aP20
526 _aP19
526 _aP17
526 _aP15
526 _aP14
526 _aP12
526 _aP10
526 _aP09
526 _aP08
526 _aP07
526 _aP06
526 _aP05
526 _aP04
526 _aP01
650 1 8 _aActos jurídicos (derecho civil)
_zPerú.
_93472
650 2 8 _aContratos (derechos civiles )
_zPerú
_93473
942 _cBK
_2ddc
_n0
980 _621515
_aDIGNA BRAÑES Analista Documental
_81
_gALBERTO SANCHEZ Responsable de Automatización
999 _c62263
_d62262